000 01498nam a2200433 i 4500
001 14442
003 KOSZ 005
005 20250812063402.0
008 190622s1972 pl a f d 000 0 pol
015 _aPB 1972/2919
035 _a991035098809705066
035 _a(PL-WaBN)b19439647-48omnis_nlop
035 _ab19439647
035 _a(OCoLC)830843677
035 _a(PL)b0000001943964
035 _a(EXLNZ-48OMNIS_NETWORK)9910326585305606
040 _aWA N
_cWA N
_dKOSZ 005/RW
046 _k1962
080 _a62(03)
100 1 _aChmielewski, Heliodor
_d(1911-1981)
_eAutor
245 1 0 _aIlustrowany słownik techniczny dla wszystkich /
_cHeliodor Chmielewski, Ignacy Baran, Stefan Skupiński.
250 _aWydanie 5, niezmienione.
260 _aWarszawa :
_bWydawnictwa Naukowo-Techniczne,
_c1972.
300 _a431, [1] stron :
_bilustracje ;
_c23 cm.
336 _aTekst
_3txt
_2rdacontent
337 _aBez urządzenia pośredniczącego
_bn
_2rdamedia
338 _aWolumin
_bnc
_2rdacarrier
380 _aKsiążki
388 _a1901-2000
658 _aInżynieria i technika
655 7 _aEncyklopedia
_2DBN
650 7 _aTechnika
_2DBN
700 1 _aBaran, Ignacy.
_eAutor
700 1 _aSkupiński, Stefan
_eAutor
710 2 _aWydawnictwa Naukowo-Techniczne
_4pbl
856 _uhttp://koha.tu.koszalin.pl/cgi-bin/koha/opac-detail.pl?biblionumber=14442
_yKatalog online BPK
942 _2UKD
_cKS
999 _c14442
_d14442